| 000 | 00686nam a2200217 a 4500 | ||
|---|---|---|---|
| 999 |
_c8127 _d8127 |
||
| 001 | 8127 | ||
| 003 | BD-JhCC | ||
| 005 | 20180218194036.0 | ||
| 008 | 180218s1988 bg a|||| ||a| 000 0 b d | ||
| 035 | _a(BD-JhCC)8127 | ||
| 040 |
_aBD-JhCC _dBD-JhCC |
||
| 041 | _aeng | ||
| 082 |
_a621.3815 _bRAH 19988 |
||
| 100 | _aরহমান,জালালুর | ||
| 245 |
_aসস্কলিত বর্তনী প্রযুক্তি / _cজালালুর রহমান. |
||
| 260 |
_aঢাকা : _bবাংলা একাডেমী ; _c1988. |
||
| 300 |
_a123 p. : _bill ; _c22 cm. |
||
| 651 | _aIntegated Circuits Technology . | ||
| 942 |
_2lcc _cBK |
||